[Event "Wellington Open 2017"]
[Site "Wellington"]
[Date "2017.04.14"]
[Round "1.1"]
[White "Ker, Anthony"]
[Black "Day, Fabian"]
[Result "1-0"]
[WhiteElo "2474"]
[BlackElo "1715"]

1. e4 e5 2. Nf3 Nc6 3. d4 exd4 4. Nxd4 Nf6 5. Nxc6 bxc6 6. e5 Qe7 7. Qe2 Nd5 8.
c4 Nb6 9. g3 g6 10. Bg2 Bg7 11. O-O O-O 12. Re1 f6 13. e6 Qxe6 14. Qxe6+ dxe6
15. Bxc6 Rb8 16. Na3 a6 17. Be3 Kf7 18. Rad1 Bb7 19. Bd7 Bc8 20. Bxc8 Rbxc8 21.
Bxb6 cxb6 22. Rd7+ Kg8 23. Rxe6 Rfe8 24. Rxb6 1-0

[Event "Wellington Open 2017"]
[Site "Wellington"]
[Date "2017.04.14"]
[Round "1.2"]
[White "Winter, Ryan"]
[Black "Dive, Russell"]
[Result "0-1"]
[WhiteElo "1715"]
[BlackElo "2426"]

1. d4 Nf6 2. c4 e6 3. Nc3 Bb4 4. e3 c5 5. Bd3 Nc6 6. Ne2 cxd4 7. exd4 d5 8. O-O
O-O 9. Bg5 Be7 10. Re1 b6 11. Rc1 Bb7 12. Qc2 dxc4 13. Bxf6 cxd3 14. Bxe7 dxc2
15. Bxd8 Rfxd8 16. Rxc2 Nxd4 17. Nxd4 Rxd4 18. f3 Kf8 19. Nb5 Rd7 20. Rec1 a6
21. Nc3 b5 22. Kf2 Ke7 23. Ne4 Bxe4 24. fxe4 Kf6 25. Ke3 Rad8 26. Rc3 Rd2 27.
R1c2 R8d3+ 28. Kf4 g5+ 29. Kg4 Rxc2 30. Rxc2 Kg6 31. g3 Re3 32. b3 h5+ 33. Kh3
Rxe4 34. Kg2 g4 35. Kf2 Rd4 36. Re2 Kf5 37. Kg2 f6 38. Kf1 a5 39. Kg2 a4 40.
Kf2 a3 41. Kg2 b4 42. Kf2 e5 43. Kg2 Rd1 44. Kf2 Rb1 45. Ke3 Rb2 46. Kd3 Rxe2
47. Kxe2 Ke4 0-1

[Event "Wellington Open 2017"]
[Site "Wellington"]
[Date "2017.04.14"]
[Round "1.3"]
[White "Croad, Nic"]
[Black "Wight, Joshua"]
[Result "1-0"]
[WhiteElo "2375"]
[BlackElo "1629"]

1. d4 d5 2. c4 c6 3. Nf3 Bf5 4. Nc3 e6 5. e3 Nf6 6. Nh4 Bg6 7. Qb3 Qc8 8. Bd2
Ne4 9. Rc1 Nxd2 10. Kxd2 Qd7 11. f4 Be7 12. Nf3 f6 13. Be2 O-O 14. Rhd1 b6 15.
Ke1 Na6 16. cxd5 Nb4 17. dxc6 Qc7 18. a3 Bc2 19. Rxc2 Nxc2+ 20. Qxc2 Rfd8 21.
Bd3 h6 22. Bh7+ Kh8 23. Nh4 1-0

[Event "Wellington Open 2017"]
[Site "Wellington"]
[Date "2017.04.14"]
[Round "1.4"]
[White "Murdoch, Stephen"]
[Black "Steadman, Michael"]
[Result "0-1"]
[WhiteElo "1608"]
[BlackElo "2309"]

1. d4 e6 2. Nf3 f5 3. g3 Nf6 4. Bg2 d5 5. Bf4 Bb4+ 6. c3 Be7 7. O-O O-O 8. c4
c6 9. cxd5 exd5 10. Nc3 Nbd7 11. Qc2 Ne4 12. Rad1 Ndf6 13. h4 Qe8 14. Ne5 Be6
15. a4 h6 16. Qc1 Rc8 17. f3 Nd6 18. b3 Nh5 19. Bxh6 gxh6 20. Qxh6 Rf6 21. Qg5+
Kh7 22. g4 fxg4 23. fxg4 Rxf1+ 0-1

[Event "Wellington Open 2017"]
[Site "Wellington"]
[Date "2017.04.14"]
[Round "1.5"]
[White "James, Jack"]
[Black "Sole, Michael"]
[Result "1-0"]
[WhiteElo "2145"]
[BlackElo "1586"]

1. e4 c5 2. Nc3 Nc6 3. f4 e6 4. Nf3 d5 5. Bb5 Ne7 6. exd5 exd5 7. Qe2 Qd6 8. d4
cxd4 9. Nxd4 Bd7 10. Be3 g6 11. O-O-O Bg7 12. Ne4 Qc7 13. Nc5 O-O 14. Nxd7 Qxd7
15. Qf2 a6 16. Ba4 b5 17. Bb3 Na5 18. Rd3 Nc4 19. Rhd1 a5 20. a3 a4 21. Ba2 b4
22. Bd2 bxa3 23. bxa3 Rab8 (23... Qa7 24. Bc3 Rfc8 25. Qe2 Nxa3 26. Bb4 Bxd4
27. Bxa3 Nf5 28. g4 Re8 29. Qf3 Be3+ 30. Kb1 Nd4) 24. Bb4 Rxb4 25. axb4 Qb7 26.
c3 Rc8 27. Nc2 Nb6 28. Qf3 Bxc3 29. Rxc3 1-0

[Event "Wellington Open 2017"]
[Site "Wellington"]
[Date "2017.04.14"]
[Round "1.6"]
[White "Meravanage, Satwik"]
[Black "Goodhue, Nathan"]
[Result "0-1"]
[WhiteElo "1524"]
[BlackElo "2093"]

1. e4 g6 2. d4 Bg7 3. Nf3 d6 4. Bf4 a6 5. c4 c5 6. Be3 cxd4 7. Bxd4 e5 8. Be3
f5 9. Nc3 f4 10. Bd2 Nc6 11. Nd5 g5 12. g3 h6 13. Bg2 g4 14. Nh4 f3 15. Bf1 Bf6
16. Ng6 Rh7 17. h4 h5 18. Ngf4 exf4 19. Bxf4 Be5 20. Bg5 Nge7 21. Bf6 Qa5+ 22.
b4 Nxb4 23. Qb1 Nbxd5+ 0-1

[Event "Wellington Open 2017"]
[Site "Wellington"]
[Date "2017.04.14"]
[Round "1.7"]
[White "Nicholls, Leighton"]
[Black "Heppenstall, Lara"]
[Result "0-1"]
[WhiteElo "2057"]
[BlackElo "1506"]

1. e4 g6 2. d4 Bg7 3. Nf3 d6 4. c4 Nf6 5. Nc3 O-O 6. Be2 Bg4 7. O-O Nbd7 8. Be3
c5 9. h3 Bxf3 10. Bxf3 cxd4 11. Bxd4 Ne5 12. Bxe5 dxe5 13. b4 Rc8 14. Qb3 a6
15. Rac1 e6 16. a4 Nd7 17. Rfd1 Qc7 18. c5 Nb8 19. Nb1 Nc6 20. Na3 Nd4 21. Qe3
b5 22. axb5 axb5 23. Qd3 Rb8 24. Be2 Qc6 25. Ra1 f5 26. Bf3 Nxf3+ 27. Qxf3 fxe4
28. Qe2 e3 29. Qxe3 Rbd8 30. Qe2 Rd4 31. Rxd4 exd4 32. Re1 e5 33. Qxb5 Qf6 34.
Qc4+ Kh8 35. Re2 e4 36. c6 e3 37. f3 Rc8 38. b5 Qd6 39. Qd3 Qb4 40. Nc2 Qc5 41.
Re1 Rb8 42. Na3 Bf8 43. Ra1 e2 44. Qxe2 d3+ 45. Qf2 Qc3 46. Qe1 d2 47. Qd1 Re8
48. Nc2 Bc5+ 49. Kh1 Bd6 50. Rb1 Qxc2 51. Qf1 Qxb1 52. Qxb1 Re1+ 0-1

[Event "Wellington Open 2017"]
[Site "Wellington"]
[Date "2017.04.14"]
[Round "1.8"]
[White "Stannard, Bobby"]
[Black "Jackson, Ross"]
[Result "0-1"]
[WhiteElo "1481"]
[BlackElo "2054"]

1. e4 c5 2. Nf3 d6 3. Bc4 e6 4. Nc3 Nf6 5. d3 Be7 6. Be3 a6 7. d4 b5 8. Be2 b4
9. Na4 Bd7 10. c4 Qa5 11. b3 Bxa4 12. bxa4 Nxe4 13. Bd3 Nc3 14. Qb3 Qxa4 15.
Qxa4+ Nxa4 16. Bc2 Nb6 17. a4 Nxc4 18. dxc5 Nxe3 19. fxe3 dxc5 20. a5 O-O 21.
O-O Nc6 22. Be4 Rac8 23. Bd3 Nb8 24. Ne5 Bf6 25. Nd7 Nxd7 26. Rac1 Nb8 27. Rc2
Rfd8 28. Be2 Bc3 29. Rb1 Rc6 30. Bf3 Rcd6 31. Kf1 Nd7 32. Be2 Ne5 33. e4 g6 34.
g3 c4 35. h4 h5 36. Kf2 Nd3+ 37. Ke3 f5 38. exf5 exf5 39. Bxd3 cxd3 40. Rcc1
Re8+ 41. Kf2 Re2+ 42. Kf1 Rde6 43. Rd1 d2 44. Kg1 Re1+ 45. Rxe1 Rxe1+ 46. Rxe1
dxe1=Q+ 47. Kh2 Qf2+ 48. Kh3 Be5 49. g4 fxg4# 0-1

[Event "Wellington Open 2017"]
[Site "Wellington"]
[Date "2017.04.14"]
[Round "1.9"]
[White "Nyberg, Michael"]
[Black "He, Caleb"]
[Result "1-0"]
[WhiteElo "2032"]
[BlackElo "1416"]

1. d4 d5 2. c4 c6 3. Nf3 Nf6 4. g3 e6 5. Bg2 g6 6. Nc3 Bg7 7. O-O O-O 8. b3 b6
9. Bg5 Bb7 10. Qd2 Qc7 11. Rac1 Nbd7 12. cxd5 exd5 13. Rfe1 Rfe8 14. Nb5 Qb8
15. Bf4 Ne4 16. Qb2 Qd8 17. Nc7 g5 18. Nxg5 Nxg5 19. Nxe8 Qxe8 20. Bxg5 c5 21.
Be3 Qe7 22. Qd2 cxd4 23. Bxd4 Bxd4 24. Qxd4 Qe5 25. Qg4+ Kf8 26. Qxd7 Ba6 27.
Rc7 Qf6 28. Bxd5 Re8 29. Qxf7+ Qxf7 30. Rxf7+ Kg8 31. Rxa7+ Kh8 32. Rxa6 Rb8
33. Rc1 Rd8 34. Ra7 Rg8 35. Rcc7 Rg7 36. Ra8+ Rg8 37. Rxg8# 1-0

[Event "Wellington Open 2017"]
[Site "Wellington"]
[Date "2017.04.14"]
[Round "1.10"]
[White "Del Favero, Marcus"]
[Black "Zhang, Jasmine"]
[Result "0-1"]
[WhiteElo "1410"]
[BlackElo "2029"]

1. d4 d5 2. c4 e6 3. Nf3 Nf6 4. Nc3 Be7 5. e3 c6 6. b3 Bb4 7. Bb2 Qa5 8. Qc2
Ne4 9. a3 Bxc3+ 10. Bxc3 Qxc3+ 11. Qxc3 Nxc3 12. Rc1 Ne4 13. Bd3 Nd7 14. O-O
O-O 15. c5 f6 16. b4 Re8 17. Rfe1 Nf8 18. Nh4 e5 19. f3 Ng5 20. Rcd1 Bd7 21. g4
e4 22. Be2 exf3 23. Nxf3 Bxg4 24. Nxg5 Bxe2 25. Rxe2 fxg5 26. Rf1 Re7 27. Rf5
h6 28. Re5 Rxe5 29. dxe5 Re8 30. a4 Rxe5 31. b5 Ne6 32. bxc6 bxc6 33. Rc2 Rxe3
34. Kf2 Ra3 0-1

[Event "Wellington Open 2017"]
[Site "Wellington"]
[Date "2017.04.14"]
[Round "1.11"]
[White "Quere, Alexander"]
[Black "Sinclair, Zephan"]
[Result "1-0"]
[WhiteElo "2022"]
[BlackElo "1313"]

1. e4 e5 2. Nf3 Nc6 3. Bc4 Bc5 4. c3 Nf6 5. d3 d6 6. Bb3 h6 7. h3 O-O 8. Nbd2
Be6 9. Bc2 a5 10. Nf1 d5 11. Qe2 Qd7 12. Ng3 dxe4 13. dxe4 Rad8 14. Nh4 Ne7 15.
Ngf5 Nxf5 16. exf5 Bd5 17. Be3 Bd6 18. O-O-O b5 19. Rhg1 e4 20. g4 Bc4 21. Qe1
Qe7 22. g5 Nd5 23. f6 Nxf6 24. gxf6 Qxf6 25. Rg4 Be6 26. Rxe4 c6 27. Kb1 Bd5
28. Bd4 Qg5 29. Rg4 Qh5 30. Rxg7+ 1-0

[Event "Wellington Open 2017"]
[Site "Wellington"]
[Date "2017.04.14"]
[Round "1.12"]
[White "Burt, James"]
[Black "Rossiter, Philip"]
[Result "0-1"]
[WhiteElo "1291"]
[BlackElo "1945"]

1. e4 c5 2. Bc4 e6 3. Nc3 Nc6 4. d3 Nf6 5. Nf3 a6 6. a4 Be7 7. Be3 d5 8. exd5
exd5 9. Nxd5 Nxd5 10. Bxd5 Qxd5 11. O-O Bg4 12. c4 Qd7 13. h3 Bxf3 14. Qxf3 O-O
15. Rad1 Rad8 16. Qh5 Nd4 17. Rc1 Qxa4 18. Qg4 Qc6 19. Rfe1 f5 20. Qh5 Qf6 21.
h4 Qf7 22. Qxf7+ Rxf7 23. Bg5 Bxg5 24. hxg5 f4 25. f3 Kf8 26. Re5 Re8 27. Rxe8+
Kxe8 28. Re1+ Re7 29. Rxe7+ Kxe7 30. Kf2 Ke6 31. g3 Kf5 32. g6 fxg3+ 33. Kxg3
hxg6 34. f4 Ne2+ 35. Kf3 Nxf4 36. Ke3 Ke5 37. Kd2 Kd4 38. b3 g5 0-1

[Event "Wellington Open 2017"]
[Site "Wellington"]
[Date "2017.04.14"]
[Round "1.13"]
[White "Wells, Clinton"]
[Black "Stannard, Lars"]
[Result "1-0"]
[WhiteElo "1934"]
[BlackElo "1260"]

1. d4 d5 2. Nf3 e6 3. c4 Nf6 4. Bg5 Bb4+ 5. Nc3 O-O 6. e3 b6 7. cxd5 exd5 8.
Qb3 Qd6 9. Bf4 Bxc3+ 10. Qxc3 Qc6 11. Qxc6 Nxc6 12. a3 Bf5 13. Ba6 Be4 14. b4
Ne7 15. Bxc7 Nf5 16. O-O Bxf3 17. gxf3 Rfe8 18. Bb7 h6 19. Bxa8 Rxa8 20. Bg3
Re8 21. Rfc1 h5 22. Rc7 h4 23. Be5 h3 24. Kf1 Nh4 25. Ke2 a6 26. Bxf6 gxf6 27.
Rc6 f5 28. Rac1 Kg7 29. Rxb6 f4 30. Rxa6 Nf5 31. Kd2 fxe3+ 32. fxe3 Nxe3 33.
Rg1+ Kf8 34. Rc1 Nc4+ 35. Rxc4 dxc4 36. Rc6 Ra8 37. Rxc4 Rxa3 38. Rc3 Ra2+ 39.
Rc2 Ra4 40. Kc3 Ra3+ 41. Kc4 Rxf3 42. Rc3 Rxc3+ 43. Kxc3 f5 44. Kd3 Ke7 45. Ke3
Kd6 46. Kf4 Kd5 47. b5 Kxd4 48. b6 Kd3 49. b7 Ke2 50. b8=Q Kf2 51. Qb2+ Kf1 52.
Kf3 Kg1 53. Kg3 f4+ 54. Kxf4 Kf1 55. Kf3 Kg1 56. Kg3 1-0

[Event "Wellington Open 2017"]
[Site "Wellington"]
[Date "2017.04.14"]
[Round "1.14"]
[White "He, Paul"]
[Black "Masters, Andrew"]
[Result "0-1"]
[WhiteElo "1051"]
[BlackElo "1911"]

1. e4 e5 2. Nf3 Nf6 3. Nxe5 d6 4. Nf3 Nxe4 5. Bc4 d5 6. Bb3 Be7 7. d4 Bg4 8.
Nbd2 O-O 9. h3 Bh5 10. g4 Bg6 11. Nxe4 Bxe4 12. Bf4 Bb4+ 13. c3 Qf6 14. Be5
Qxf3 15. Qxf3 Bxf3 16. cxb4 Bxh1 17. O-O-O Be4 18. Bxc7 Na6 19. Bd6 Rfc8+ 20.
Bc5 Nxc5 21. bxc5 b6 22. Bc2 Bxc2 23. Kxc2 bxc5 24. dxc5 Rxc5+ 25. Kb1 Rac8 26.
b3 f6 27. b4 Rc4 28. b5 Rb4+ 29. Ka1 Rxb5 30. a4 Ra5 31. Kb2 Rxa4 32. Rxd5 Rb4+
33. Ka3 Rb6 34. Ra5 Rc1 35. Ka2 a6 36. Rd5 Rc2+ 37. Ka1 Rxf2 38. Rd3 Re6 39.
Rd1 Re3 40. h4 a5 41. Rd4 Re1+ 42. Rd1 Rxd1# 0-1

[Event "Wellington Open 2017"]
[Site "Wellington"]
[Date "2017.04.14"]
[Round "2.1"]
[White "Zhang, Jasmine"]
[Black "Ker, Anthony"]
[Result "0-1"]
[WhiteElo "2029"]
[BlackElo "2474"]

1. d4 Nf6 2. c4 e6 3. Nc3 Bb4 4. e3 b6 5. Nf3 Bb7 6. Bd3 O-O 7. O-O Bxc3 8.
bxc3 d6 9. Re1 Nbd7 10. a4 a5 11. Rb1 Re8 12. e4 e5 13. Qc2 h6 14. Nh4 c5 15.
Nf5 Qc7 16. f4 cxd4 17. cxd4 exd4 18. Nxd4 Nc5 19. Nb5 Qc6 20. Nc3 Rac8 21. Bd2
Nfd7 22. Re2 Re6 23. Nb5 Nxd3 24. Qxd3 Qxc4 25. Qxc4 Rxc4 26. f5 Rexe4 27. Rxe4
Bxe4 28. Nxd6 Rxa4 29. Re1 Nc5 30. Be3 Bd5 31. Rd1 Bc6 32. Rb1 Rb4 {Black won
soon} 0-1

[Event "Wellington Open 2017"]
[Site "Wellington"]
[Date "2017.04.14"]
[Round "2.2"]
[White "Dive, Russell"]
[Black "Quere, Alexandre"]
[Result "1/2-1/2"]
[WhiteElo "2426"]
[BlackElo "2022"]

1. Nf3 Nf6 2. c4 g6 3. g3 Bg7 4. Bg2 O-O 5. O-O d6 6. Nc3 Nbd7 7. Rb1 e5 8. d3
Nh5 9. b4 a5 10. a3 h6 11. Qb3 Kh7 12. e3 f5 13. d4 g5 14. dxe5 dxe5 15. c5 e4
16. Nd4 Ne5 17. Rd1 Qf6 18. Nd5 Qf7 19. Nb5 a4 20. Qc2 Ra6 21. Ndxc7 Rc6 22.
Nd5 Be6 23. Ndc3 Bb3 24. Qe2 Bxd1 25. Qxd1 g4 26. Nd6 Qd7 27. Nxa4 Rd8 28. Bb2
Nc4 29. h3 Nxd6 30. hxg4 Nf6 1/2-1/2

[Event "Wellington Open 2017"]
[Site "Wellington"]
[Date "2017.04.14"]
[Round "2.3"]
[White "Rossiter, Philip"]
[Black "Croad, Nic"]
[Result "0-1"]
[WhiteElo "1945"]
[BlackElo "2375"]

1. c4 Nf6 2. Nc3 e6 3. Nf3 c5 4. e4 Nc6 5. d4 cxd4 6. Nxd4 Bb4 7. Nxc6 bxc6 8.
Bd3 e5 9. O-O Bc5 10. Qe2 d6 11. Kh1 Ng4 12. g3 h5 13. h4 Qd7 14. f3 Nf6 15.
Nd1 Nh7 16. Ne3 Nf8 17. Nc2 a5 18. Be3 Bxe3 19. Nxe3 Ne6 20. Qg2 g6 21. Rae1
Qd8 22. Qh2 Ra7 23. f4 exf4 24. gxf4 Nc5 25. Bb1 Re7 26. e5 dxe5 27. fxe5 O-O
28. Qf4 Ne6 29. Qh6 Ng7 30. Bxg6 fxg6 31. Qxg6 Rxe5 32. Rxf8+ Qxf8 33. Rf1 Qe7
34. Ng2 Bh3 35. Rf7 Bxg2+ 36. Kh2 Qxf7 0-1

[Event "Wellington Open 2017"]
[Site "Wellington"]
[Date "2017.04.14"]
[Round "2.4"]
[White "Steadman, Michael"]
[Black "Wells, Clinton"]
[Result "1-0"]
[WhiteElo "2309"]
[BlackElo "1934"]

1. b4 b6 2. Bb2 Bb7 3. c4 e6 4. Qb3 Nf6 5. d4 d5 6. c5 Be7 7. Nd2 O-O 8. Ngf3
Nbd7 9. Rc1 c6 10. e3 Rb8 11. Qc3 Qc8 12. Bd3 Ba6 13. Ba3 Bxd3 14. Qxd3 a5 15.
bxa5 bxc5 16. dxc5 Rb5 17. Nb3 e5 18. Qf5 Qc7 19. Nfd2 Rxa5 20. Nxa5 Qxa5 21.
Bb2 Nxc5 22. Bc3 Qa6 23. Rb1 Nd3+ 24. Kd1 Ng4 25. Kc2 Ndxf2 26. Rhe1 e4 27. Rb3
Qd3+ 28. Kb2 Nxe3 29. Qxf2 Qc2+ 30. Ka1 Ra8 31. Bb2 Nd1 32. Qg3 Nxb2 33. Rb8+
Rxb8 34. Qxb8+ Bf8 35. Qxb2 1-0

[Event "Wellington Open 2017"]
[Site "Wellington"]
[Date "2017.04.14"]
[Round "2.5"]
[White "Masters, Andrew"]
[Black "James, Jack"]
[Result "0-1"]
[WhiteElo "1911"]
[BlackElo "2145"]

1. e4 c5 2. c3 d5 3. e5 Nc6 4. Nf3 Bg4 5. Bb5 Qb6 6. Qa4 Bxf3 7. gxf3 e6 8. Na3
Ne7 9. Nc2 a6 10. Be2 Qa7 11. f4 b5 12. Qa3 Nf5 13. Ne3 c4 14. b4 Nxe3 15. dxe3
a5 16. O-O Qb7 17. Qb2 axb4 18. cxb4 Bxb4 19. a3 Bc5 20. Rb1 Ra5 21. Qc3 Qa6
22. f5 d4 23. exd4 Nxd4 24. Bxc4 bxc4 25. Rb8+ Kd7 26. Qxa5 Qxa5 27. fxe6+ Kxe6
28. Rxh8 Ne2+ 29. Kh1 Nxc1 30. Rxc1 Qxa3 31. Rxc4 Qf3+ 0-1

[Event "Wellington Open 2017"]
[Site "Wellington"]
[Date "2017.04.14"]
[Round "2.6"]
[White "Goodhue, Nathan"]
[Black "Lyall, Simon"]
[Result "1/2-1/2"]
[WhiteElo "2093"]
[BlackElo "1819"]

1. b3 e5 2. Bb2 Nc6 3. e3 Nf6 4. Bb5 Bd6 5. Bxc6 dxc6 6. d3 O-O 7. Nd2 Re8 8.
e4 Bg4 9. f3 Bd7 10. Qe2 Qe7 11. a3 b5 12. g3 h6 13. Qg2 Nh5 14. Ne2 Qe6 15. g4
Nf4 16. Nxf4 exf4 17. d4 c5 18. Qf2 cxd4 19. Qxd4 f6 20. Qf2 Qe7 21. O-O Red8
22. Kg2 Be6 23. Rfe1 Bc5 24. Qe2 Rd7 25. Rad1 Rad8 26. Nb1 a6 27. Bc1 Bd6
1/2-1/2

[Event "Wellington Open 2017"]
[Site "Wellington"]
[Date "2017.04.14"]
[Round "2.8"]
[White "Chen, Wei Kai"]
[Black "Nyberg, Michael"]
[Result "0-1"]
[WhiteElo "1732"]
[BlackElo "2032"]

1. e4 c5 2. Nf3 d6 3. d4 cxd4 4. Nxd4 Nf6 5. Nc3 a6 6. Bc4 e6 7. O-O Nc6 8.
Nxc6 bxc6 9. Bg5 Be7 10. Re1 e5 11. Qd3 Qc7 12. Rad1 Bg4 13. f3 Bh5 14. Bb3 h6
15. Bh4 g5 16. Bf2 g4 17. fxg4 Nxg4 18. Bg3 Rg8 19. h3 Qa7+ 20. Kf1 Nf6 21. Rd2
Nd7 22. Bf2 Qb7 23. Kg1 Bg6 24. Rf1 Rd8 25. Qf3 Nf6 26. Bh4 Bh5 27. Bxf7+ Bxf7
28. Bxf6 Bg6 29. Bxe7 Qxe7 30. Qf6 Qxf6 31. Rxf6 Ke7 32. Rdf2 Rb8 33. b3 Rb4
34. Kf1 h5 35. Ke2 Be8 36. Rh6 Rg3 37. Rh7+ Ke6 38. Rf8 Bg6 39. Rh6 Rxg2+ 40.
Kf3 Rg5 41. Ne2 Ke7 42. Ra8 Bxe4+ 43. Ke3 Bg6 44. Ra7+ Ke6 45. Rxa6 Kf6 46. Rh8
Be4 47. c4 d5 48. Rxc6+ Kg7 49. Ra8 Bg6 50. cxd5 Re4+ 51. Kf2 Rf5+ 52. Ke1 h4
53. Ra7+ Rf7 54. Rxf7+ Bxf7 55. d6 Bh5 56. Rc2 Kf7 57. Rd2 Ke8 58. Kf2 Kd7 59.
Nc3 Rf4+ 60. Ke1 Rf3 61. Ne4 Re3+ 62. Kf2 Rxe4 63. Rb2 Kxd6 64. a4 Be8 65. Rd2+
Rd4 66. Rc2 Bf7 67. Rc8 Bxb3 68. a5 Ra4 69. Rh8 Bd5 70. a6 Be6 71. a7 Rxa7 72.
Rxh4 Ra3 73. Kg2 Kd5 74. Rh8 Bf5 75. h4 e4 76. Kf2 Ke5 77. h5 Kf4 78. Rf8 Ra6
79. Rb8 Rh6 80. Rb4 Rxh5 81. Kg2 Bg4 82. Ra4 Bf3+ 83. Kf2 Rh2+ 84. Kg1 Kg3 85.
Rxe4 Rh1# 0-1

[Event "Wellington Open 2017"]
[Site "Wellington"]
[Date "2017.04.14"]
[Round "2.9"]
[White "Heppenstall, Lara"]
[Black "Cooper, Nigel"]
[Result "1-0"]
[WhiteElo "1506"]
[BlackElo "1821"]

1. d4 d5 2. c4 c6 3. Nc3 e6 4. e3 Nf6 5. Nf3 Nbd7 6. Qc2 Bd6 7. Be2 O-O 8. O-O
dxc4 9. Bxc4 b5 10. Bd3 a6 11. e4 e5 12. d5 cxd5 13. Nxd5 Nxd5 14. exd5 Bb7 15.
Bxh7+ Kh8 16. Be4 Nf6 17. Rd1 Rc8 18. Qd3 Rc4 19. Ng5 g6 20. Bxg6 fxg6 21. Ne6
Qe7 22. Nxf8 Qxf8 23. Qxg6 Rg4 24. Qf5 Qg7 25. g3 Bxd5 26. Qc8+ Qf8 27. Qxa6
Bc5 28. Be3 Bxe3 29. fxe3 Bf3 30. Rd6 Ne4 31. Rh6+ Kg8 32. Qe6+ Qf7 33. Rh8+
Kg7 34. Qh6# 1-0

[Event "Wellington Open 2017"]
[Site "Wellington"]
[Date "2017.04.14"]
[Round "2.11"]
[White "He, Caleb"]
[Black "Nicholls, Leighton"]
[Result "0-1"]
[WhiteElo "1416"]
[BlackElo "2057"]

1. e4 e5 2. Nf3 Nc6 3. Bc4 Bc5 4. b4 Bxb4 5. c3 Ba5 6. Bb2 Nf6 7. O-O d6 8. Re1
Bg4 9. h3 Bh5 10. Re3 O-O 11. Bb3 d5 12. exd5 Nxd5 13. Rd3 Nce7 14. Qe2 Nf4 15.
Rxd8 Nxe2+ 16. Kf1 Raxd8 17. Kxe2 e4 18. g4 exf3+ 19. Kxf3 Bg6 20. Ba3 Rfe8 21.
d4 Bxb1 22. Rxb1 Bxc3 23. Rc1 Ba5 24. Rc5 Bb6 25. Rc2 Rxd4 26. Re2 Rd3+ 27. Kg2
Rd7 28. f4 Ba5 29. g5 Rd2 30. Rxd2 Bxd2 31. Kf3 Nf5 32. g6 Nd4+ 33. Kg4 Nxb3
34. axb3 fxg6 35. b4 Re3 36. Bb2 Bxb4 37. h4 h5+ 38. Kg5 Rg3# 0-1

[Event "Wellington Open 2017"]
[Site "Wellington"]
[Date "2017.04.14"]
[Round "2.12"]
[White "Day, Fabian"]
[Black "Del Favero, Marcus"]
[Result "0-1"]
[WhiteElo "1726"]
[BlackElo "1410"]

1. e4 c6 2. Nf3 d5 3. Nc3 dxe4 4. Nxe4 Nf6 5. Nxf6+ exf6 6. d4 Bd6 7. Bd3 O-O
8. O-O Re8 9. c3 Bg4 10. h3 Bh5 11. Be3 Nd7 12. Qc2 Nf8 13. Nh4 Bg3 14. Nf5 Bd6
15. Rae1 Qc7 16. Nxd6 Qxd6 17. a4 Ng6 18. Qd2 Nf8 19. f4 h6 20. f5 Rad8 21. Bf4
Qd5 22. g4 g5 23. Bg3 c5 24. Bf2 Qf3 25. Re3 Rxe3 26. Qxe3 Bxg4 27. hxg4 Qxg4+
28. Qg3 Qxg3+ 29. Bxg3 cxd4 30. c4 h5 31. Re1 Nd7 32. Kg2 Nc5 33. Bc2 d3 34.
Bd1 d2 35. Re2 h4 36. Bf2 Nd3 37. Be3 Nxb2 38. Rxd2 Rxd2+ 39. Bxd2 Nxd1 40. c5
Kf8 41. a5 Ke7 42. a6 bxa6 43. Ba5 Kd7 44. c6+ Kxc6 45. Bd8 Ne3+ 46. Kh3 Nxf5
47. Bxf6 a5 48. Bxg5 a4 49. Kg4 Nd6 50. Bxh4 Kb5 51. Bf6 Nc4 52. Kf4 a3 53. Ke4
Kb4 54. Kd3 Kb3 55. Ba1 Ka2 56. Bd4 Kb1 57. Kxc4 a2 58. Kd5 a1=Q 59. Bxa1 Kxa1
60. Ke5 a5 61. Kf6 a4 62. Kxf7 a3 63. Ke6 a2 0-1

[Event "Wellington Open 2017"]
[Site "Wellington"]
[Date "2017.04.14"]
[Round "2.14"]
[White "Wight, Joshua"]
[Black "Burt, James"]
[Result "1-0"]
[WhiteElo "1629"]
[BlackElo "1291"]

1. e4 e5 2. Nf3 Nc6 3. Bc4 h6 4. Nc3 Bc5 5. d3 d6 6. Be3 Bxe3 7. fxe3 Qf6 8.
Nd5 Qd8 9. Qd2 Nf6 10. O-O-O Be6 11. Nxf6+ Qxf6 12. Qc3 O-O 13. Rdf1 Rad8 14.
Rhg1 d5 15. exd5 Bxd5 16. e4 Bxc4 17. Qxc4 Qf4+ 18. Kb1 Qe3 19. Qb5 Nd4 20.
Qxe5 Nxf3 21. gxf3 f6 22. Qxc7 g5 23. h4 Rc8 24. Qh2 Qf4 25. Qxf4 b6 26. Qd6
Rc5 27. Rf2 Rfc8 28. hxg5 Rxg5 29. Rxg5+ hxg5 30. Qe6+ 1-0

[Event "Wellington Open 2017"]
[Site "Wellington"]
[Date "2017.04.14"]
[Round "2.15"]
[White "Stannard, Lars"]
[Black "Murdoch, Stephen"]
[Result "0-1"]
[WhiteElo "1260"]
[BlackElo "1608"]

1. e4 e6 2. d4 d5 3. e5 c5 4. Nf3 Nc6 5. Bb5 Ne7 6. Bg5 Qa5+ 7. Nc3 a6 8. Bxc6+
Nxc6 9. O-O h6 10. Be3 c4 11. b3 Qxc3 12. Rb1 Qa5 13. Bd2 c3 14. Be1 Ba3 15. h3
b5 16. Nh2 b4 17. f4 Bb2 18. Bf2 Qxa2 19. Qe2 Qa5 20. Be3 Qb6 21. Qd3 a5 22. f5
Ba6 23. Qd1 Bxf1 24. Qxf1 Nxe5 25. fxe6 fxe6 26. Qe2 Nf7 27. Qg4 O-O 28. Nf3 a4
29. bxa4 Rxa4 30. Qg6 Ra6 31. Kh1 Qa7 32. Rg1 e5 33. Qg4 e4 34. Nh4 Ra1 35. Nf5
Rxg1+ 36. Kxg1 Ng5 37. Kh2 Qf7 38. Nh4 Qf6 39. Kg3 b3 40. cxb3 c2 41. Qd7 c1=Q
42. Bxc1 Qf2+ 43. Kg4 Bxc1 44. Qxd5+ Rf7 45. Kh5 Kh7 46. Qc6 Rf6 47. Qxc1 g6+
48. Nxg6 Rxg6 49. Qc7+ Rg7 50. Qe5 Qxg2 51. Qf5+ Kh8 52. h4 Qe2+ 53. Kxh6 Nf7+
54. Qxf7 Rxf7 55. Kg6 Rf1 56. d5 Qg2+ 57. Kh6 Rf6+ 0-1

[Event "Wellington Open 2017"]
[Site "Wellington"]
[Date "2017.04.14"]
[Round "2.16"]
[White "Sole, Michael"]
[Black "He, Paul"]
[Result "1-0"]
[WhiteElo "1586"]
[BlackElo "1051"]

1. e4 c5 2. Nf3 Nc6 3. d4 cxd4 4. Nxd4 g6 5. Nc3 Bg7 6. Be3 Nf6 7. f3 d6 8. Qd2
Bd7 9. O-O-O O-O 10. Nxc6 bxc6 11. g4 Rb8 12. Bc4 c5 13. Kb1 Qb6 14. Qc1 Nxg4
15. Bd2 Nf2 16. Rhg1 Nxd1 17. Rxd1 Rb7 18. b3 a6 19. Nd5 Qd8 20. Bg5 f6 21.
Nxf6+ Kh8 22. Nd5 Bf6 23. Bh6 Bg7 24. Bxg7+ Kxg7 25. Qb2+ Kh6 26. f4 e6 27. Ne3
Rxf4 28. Qc1 Rxe4 29. Nf5+ Kh5 30. Ng3+ Kg4 31. Nxe4 d5 32. Be2+ Kh3 33. Qe3+
Kh4 34. Qg3# 1-0

[Event "Wellington Open 2017"]
[Site "Wellington"]
[Date "2017.04.15"]
[Round "3.1"]
[White "Ker, Anthony"]
[Black "Jackson, Ross"]
[Result "1-0"]
[WhiteElo "2474"]
[BlackElo "2054"]

1. e4 c5 2. c3 d5 3. exd5 Qxd5 4. d4 e6 5. Nf3 Nf6 6. Be3 cxd4 7. cxd4 Bb4+ 8.
Nc3 O-O 9. Bd3 b6 10. O-O Bxc3 11. bxc3 Ba6 12. Bxa6 Nxa6 13. Qa4 Nc7 14. c4
Qd7 15. Qxd7 Nxd7 16. a4 Rac8 17. Rfc1 Rfe8 18. Rab1 e5 19. a5 e4 20. Nd2 f5
21. axb6 axb6 22. d5 Na8 23. Ra1 Ne5 24. Ra7 Nd3 25. Rca1 f4 26. Bd4 e3 27.
fxe3 fxe3 28. Rxg7+ Kf8 29. Rf1+ Nf2 30. Rxh7 Kg8 31. Rg7+ Kh8 32. Rg3+ Kh7 33.
Bxe3 1-0

[Event "Wellington Open 2017"]
[Site "Wellington"]
[Date "2017.04.15"]
[Round "3.2"]
[White "Croad, Nic"]
[Black "Heppenstall, Lara"]
[Result "1-0"]
[WhiteElo "2375"]
[BlackElo "1506"]

1. d4 g6 2. c4 Bg7 3. e4 d6 4. Nc3 Nf6 5. h3 O-O 6. Nf3 Nbd7 7. Bg5 Ne8 8. Bd3
c5 9. d5 Ne5 10. Nxe5 dxe5 11. h4 Nf6 12. Be2 h5 13. Qd2 Nh7 14. Be3 b6 15. g4
hxg4 16. h5 gxh5 17. Rxh5 f5 18. exf5 Bxf5 19. O-O-O Qd7 20. Bd3 Bxd3 21. Qxd3
Nf6 22. Rxe5 Kf7 23. Rg5 Rg8 24. Rh1 Bh8 25. Rh7+ 1-0

[Event "Wellington Open 2017"]
[Site "Wellington"]
[Date "2017.04.15"]
[Round "3.3"]
[White "James, Jack"]
[Black "Steadman, Michael"]
[Result "1-0"]
[WhiteElo "2145"]
[BlackElo "2309"]

1. Nf3 d5 2. d4 c6 3. e3 e6 4. Nbd2 Nf6 5. Bd3 Nbd7 6. Qe2 Be7 7. O-O b6 8. Ne5
Nxe5 9. dxe5 Nd7 10. f4 Nc5 11. Qg4 g6 12. Be2 a5 13. Rd1 b5 14. Nb3 Na4 15.
Qh3 Qc7 16. Nd4 Bd7 17. e4 dxe4 18. b3 Nb6 19. c4 bxc4 20. bxc4 c5 21. Nb3 O-O
22. Qe3 a4 23. Nd2 f5 24. Ba3 Bc8 25. h4 Ba6 26. Rac1 Rfd8 27. h5 Kf7 28. g4
Rd4 29. Bb2 Rd7 30. hxg6+ hxg6 31. gxf5 exf5 $2 (31... gxf5 32. Qh3 Rg8+ 33.
Kf2 Ke8 34. Nxe4 fxe4 35. Qxe6 Rg7 36. Rh1) 32. e6+ Kxe6 33. Nxe4 Rxd1+ 34.
Rxd1 Kf7 (34... fxe4 35. Qh3+ Kf7 36. Qh7+) 35. Qh3 Rf8 36. Qh7+ Ke8 37. Nf6+
1-0